Earth system science: from biogeochemical cycles to global change
Furkejuvvon:
| Váldodahkkit: | , , , |
|---|---|
| Materiálatiipa: | Girji |
| Giella: | eaŋgalasgiella |
| Almmustuhtton: |
San Diego
Academic
2000
|
| Ráidu: | International Geophysics Series, 72
|
| Fáttát: | |
| Fáddágilkorat: |
Lasit fáddágilkoriid
Eai fáddágilkorat, Lasit vuosttaš fáddágilkora!
|
MARC
| LEADER | 00000nam a2200000 a 4500 | ||
|---|---|---|---|
| 001 | UCN0132 | ||
| 003 | CL-VaPUC | ||
| 008 | 010316e20000000US |||||||||||||||||eng|d | ||
| 082 | 0 | 4 | |a 551 |b JAC |2 21 |
| 100 | 0 | |a Jacobson, Michael C |e author |9 455420 | |
| 700 | 0 | |a Charlson, Robert J |e author |9 455421 | |
| 700 | 0 | |a Rodhe, Henning |e author |9 455422 | |
| 700 | 0 | |a Orians, Gordon H |e author |9 455423 | |
| 245 | 1 | 0 | |a Earth system science: from biogeochemical cycles to global change |
| 300 | |a 527 p | ||
| 942 | |c BK | ||
| 945 | |d 20010316 00:00:00 |a cmena | ||
| 260 | |a San Diego |b Academic |c 2000 | ||
| 650 | 0 | |a Ciencias de la tierra |9 261541 | |
| 650 | 0 | |a Geofísica |9 261453 | |
| 650 | 7 | |a BIOSFERA |2 CL-VaPUC |9 264378 | |
| 650 | 0 | |a Recursos naturales |9 255232 | |
| 650 | 7 | |a FENOMENOS NATURALES |2 CL-VaPUC |9 343098 | |
| 583 | |a last modification |c 20010316 00:00:00 |k Rodrigo Vera | ||
| 490 | 0 | |a International Geophysics Series, 72 | |
| 999 | |c 294071 |d 294069 | ||
| 952 | |0 0 |1 0 |4 0 |6 551_000000000000000_JAC_2000 |7 0 |8 CCM |9 345918 |a BIBCUR |b BIBCUR |d 2019-11-20 |i 3700321 |o 551 JAC 2000 |p 3700321 |r 2025-04-22 |w 2019-11-20 |y BK |k RNT | ||